| 000 | 00444nam a22001697a 4500 | ||
|---|---|---|---|
| 005 | 20180205112152.0 | ||
| 008 | 160523b xxu||||| |||| 00| 0 eng d | ||
| 020 | _a978-81-7446-704-1 | ||
| 041 | _aeng | ||
| 082 |
_b4438 _a005.133 |
||
| 100 |
_aSharma, Sanjeev & Tripathi, Nandan _94073 |
||
| 245 | _aVisual Basic 6 | ||
| 260 |
_aNew Delhi _bAcademic Faundation _c2009 |
||
| 300 | _a545 | ||
| 650 |
_aInformation Technology _9137 |
||
| 942 | _cBK | ||
| 999 |
_c1475 _d1475 |
||